000 00491nam a2200181Ia 4500
008 240925s9999 xx 000 0 und d
020 _a9789332551831
082 _a158.3 GIB
100 _aGibson, L. Robert
245 0 _aIntrocuction to Counseling and Guidance
250 _a7th
260 _aNew Delhi:
_bPearson Education
_c,2015.
300 _axxii, 729p.
_b0
_fOriginal
500 _aIncludes Index
600 _aHumanities & Natural Science
650 _aPsychology
942 _cBK
999 _c15929
_d15929